00314nam a2200109Ia 4500008004100000082002000041100001600061245002400077260003300101630001800134650005200152211109s9999||||xx |||||||||||||| ||und|| a894.8124bJOS-S aJoseph, M C 0aSwathanthra Chintha bNATIONAL BOOKSTALLaKottayam xGENERAL STACK aMalayalam LiteraturevMalayalam EssaysGeneralia